[Event "World Junior Chess Championship U18 g"]
[Site "Gaziantep"]
[Date "2008.08.04"]
[Round "2.4"]
[White "Majdan, Joanna"]
[Black "Nikolova, Adriana"]
[Result "1-0"]
[WhiteElo "2323"]
[BlackElo "2242"]
[PlyCount "103"]
[EventDate "2008.08.??"]
[EventType "swiss"]
[EventRounds "13"]
[EventCountry "TUR"]

1. e4 c5 2. Nf3 d6 3. d4 cxd4 4. Nxd4 Nf6 5. Nc3 a6 6. Bg5 e6 7. f4 Be7 8. Qf3
Qc7 9. O-O-O Nbd7 10. g4 b5 11. Bxf6 Nxf6 12. g5 Nd7 13. f5 Nc5 14. f6 gxf6 15.
gxf6 Bf8 16. Rg1 h5 17. Kb1 b4 18. Nd5 exd5 19. exd5 Nd7 (19... Bg4 20. Re1+
Kd8 21. Qf2 Kc8 22. h3 Bd7 23. Rg7 Ba4 24. b3) 20. Re1+ Ne5 21. Nc6 Bb7 22. Bh3
a5 (22... Bxc6 23. dxc6 Kd8 24. Qd5 Nxc6 25. Re4 Rb8 26. Rge1) 23. Rg5 Bxc6 24.
dxc6 Rh6 25. Qf4 Rg6 26. Rgxe5+ dxe5 27. Rxe5+ Kd8 28. Rd5+ Bd6 29. a4 Ke8 30.
Bd7+ Kf8 31. Qxd6+ Qxd6 32. Rxd6 b3 33. cxb3 Rg1+ 34. Ka2 Rc1 35. Rd3 Kg8 36.
Rc3 Rd1 37. Rg3+ Kh7 38. Bf5+ Kh6 39. c7 Rf1 40. c8=Q Rxc8 41. Bxc8 Rxf6 42.
Bb7 h4 43. Rf3 Rd6 44. Rxf7 Rd2 45. h3 Rd3 46. Bc8 Rd8 47. Bg4 Kg6 48. Rf5 Ra8
49. Ka3 Ra7 50. Rb5 Ra8 51. b4 axb4+ 52. Kxb4 1-0

[Event "World Junior Chess Championship U18 g"]
[Site "Gaziantep"]
[Date "2008.08.04"]
[Round "2.5"]
[White "Muminova, Nafisa"]
[Black "Gomes, Mary Ann"]
[Result "1/2-1/2"]
[WhiteElo "2242"]
[BlackElo "2316"]
[PlyCount "105"]
[EventDate "2008.08.??"]
[EventType "swiss"]
[EventRounds "13"]
[EventCountry "TUR"]

1. e4 c5 2. Nf3 d6 3. d4 cxd4 4. Nxd4 Nf6 5. Bd3 g6 6. O-O Bg7 7. Qe2 O-O 8.
Nd2 e5 9. N4f3 Nc6 10. c4 Bg4 11. Nb3 a5 12. Be3 a4 13. Nbd2 Nh5 14. Rfd1 Nf4
15. Qf1 Nxd3 16. Qxd3 f5 17. Bg5 Qd7 18. h3 Bh5 19. Qd5+ Kh8 20. c5 fxe4 21.
Qxe4 d5 22. Qh4 Nd4 23. Nxd4 Bxd1 24. Rxd1 exd4 25. Nf3 Rae8 26. Qg3 Re4 27.
Bd2 Qb5 28. Qd6 Qxb2 29. Qxd5 Ree8 30. Qc4 d3 31. Qxa4 Ra8 32. Qe4 Qxa2 33.
Qxd3 Rad8 34. Qe4 Qd5 35. Qxd5 Rxd5 36. Re1 Rc8 37. Be3 Bf8 38. Rb1 Rc7 39. Nd4
Be7 40. Ne6 Rcd7 41. Rb6 Kg8 42. c6 bxc6 43. Rxc6 Kf7 44. Nc5 Ra7 45. Ne4 Rb7
46. Kh2 h5 47. h4 Rb4 48. Ng5+ Kg7 49. Ne6+ Kf7 50. Ng5+ Kg7 51. Ne6+ Kf7 52.
Ng5+ Kg7 53. Ne6+ 1/2-1/2

[Event "World Junior Chess Championship U18 g"]
[Site "Gaziantep"]
[Date "2008.08.04"]
[Round "2.6"]
[White "Severiukhina, Zoja"]
[Black "Nadig, Kruttika"]
[Result "1/2-1/2"]
[WhiteElo "2300"]
[BlackElo "2241"]
[PlyCount "155"]
[EventDate "2008.08.??"]
[EventType "swiss"]
[EventRounds "13"]
[EventCountry "TUR"]

1. e4 c5 2. Nf3 d6 3. d4 cxd4 4. Nxd4 Nf6 5. Nc3 a6 6. f3 e5 7. Nb3 Be6 8. Be3
Be7 9. Qd2 O-O 10. O-O-O Nbd7 11. g4 b5 12. g5 b4 13. Ne2 Ne8 14. h4 a5 15. Kb1
Nb6 16. Ng3 a4 17. Nc1 d5 18. Bxb6 Qxb6 19. exd5 Rd8 20. Bc4 Nc7 21. dxe6 Rxd2
22. exf7+ Kh8 23. Rxd2 Nb5 24. Bxb5 Qxb5 25. Nf5 Rxf7 26. Nxe7 Rxe7 27. Rd8+
Re8 28. Rhd1 Rg8 29. h5 Qb6 30. Rxg8+ Kxg8 31. Re1 Qf2 32. Rxe5 Qxf3 33. g6
hxg6 34. hxg6 Qc6 35. Rg5 Kf8 36. Rg1 Qb6 37. Rg4 Qb7 38. Rf4+ Kg8 39. Rg4 a3
40. Nd3 Qh1+ 41. Nc1 Qe1 42. Rg2 Kf8 43. Re2 Qg1 44. Re6 Qg4 45. Ra6 Qf3 46.
Rb6 Qe4 47. Nd3 Qh1+ 48. Nc1 Qe1 49. Ra6 Qe3 50. Nd3 Qg1+ 51. Nc1 Qg2 52. bxa3
Qb7 53. Ra4 bxa3+ 54. Nb3 Qh1+ 55. Nc1 Qh3 56. Rf4+ Kg8 57. Rb4 Qg3 58. Rb3 Qd6
59. Nd3 Kf8 60. c4 Ke7 61. c5 Qa6 62. Kc2 Kd7 63. Kd2 Kc7 64. Kc3 Qxg6 65. Rxa3
Qf6+ 66. Kc4 Qe6+ 67. Kb5 Qc6+ 68. Kc4 g5 69. Kd4 Qf3 70. Ra7+ Kb8 71. Ra6 g4
72. Rb6+ Kc7 73. Ne5 Qd1+ 74. Ke4 g3 75. Rc6+ Kb7 76. Rb6+ Kc7 77. Rc6+ Kb7 78.
Rb6+ 1/2-1/2

[Event "World Junior Chess Championship U18 g"]
[Site "Gaziantep"]
[Date "2008.08.04"]
[Round "2.7"]
[White "Yildiz, Betül Cemre"]
[Black "Hoolt, Sarah"]
[Result "1-0"]
[WhiteElo "2236"]
[BlackElo "2298"]
[PlyCount "91"]
[EventDate "2008.08.??"]
[EventType "swiss"]
[EventRounds "13"]
[EventCountry "TUR"]

1. e4 c5 2. Nf3 e6 3. d4 cxd4 4. Nxd4 a6 5. c4 Nf6 6. Nc3 d6 7. Be2 Be7 8. O-O
Qc7 9. Be3 O-O 10. Rc1 b6 11. f3 Bb7 12. Qe1 Nbd7 13. g4 Rfd8 14. h4 Rac8 15.
g5 Ne8 16. h5 Nf8 17. Rf2 g6 18. Rh2 Ng7 19. hxg6 fxg6 20. Nd1 Qd7 21. Nf2 e5
22. Nc2 Nge6 23. Nh3 b5 24. cxb5 axb5 25. Qf1 Nc7 26. Nb4 d5 27. Nd3 Qe6 28.
Nhf2 Ne8 29. Rxc8 Rxc8 30. Ng4 d4 31. Bd2 Bd6 32. Nb4 Bc5 33. Bxb5 Bxe4 34.
Nh6+ Kg7 35. fxe4 d3+ 36. Kh1 Nd6 37. Bxd3 Nd7 38. Nd5 Rf8 39. Qh3 Qxh3 40.
Rxh3 Nxe4 41. Bxe4 Rf1+ 42. Kh2 Rf2+ 43. Bg2 Rxd2 44. Rf3 Nf8 45. Rf7+ Kh8 46.
b4 1-0

[Event "World Junior Chess Championship U18 g"]
[Site "Gaziantep"]
[Date "2008.08.04"]
[Round "2.8"]
[White "Soumya, Swaminathan"]
[Black "Pertlova, Sona"]
[Result "0-1"]
[WhiteElo "2293"]
[BlackElo "2217"]
[PlyCount "80"]
[EventDate "2008.08.??"]
[EventType "swiss"]
[EventRounds "13"]
[EventCountry "TUR"]

1. e4 c5 2. Nf3 e6 3. d4 cxd4 4. Nxd4 Nc6 5. Nc3 a6 6. Be3 Nf6 7. Qd2 d5 8. f3
Bb4 9. a3 Qa5 10. Nb3 Bxc3 11. bxc3 Qc7 12. Bd3 dxe4 13. fxe4 Ng4 14. Bf4 e5
15. Bg3 O-O 16. h3 Nh6 17. O-O Be6 18. Bf2 f6 19. Nc5 Nd8 20. Rab1 Re8 21. Rb2
Nhf7 22. Be2 Nd6 23. Nxe6 Nxe6 24. Qd5 Kh8 25. g3 Ng5 26. Rb6 Rad8 27. Qb3
Ngxe4 28. Be1 Nc5 29. Qb1 Na4 30. Rb3 b5 31. Qc1 Nc4 32. Rb4 Ncb6 33. c4 bxc4
34. Bxc4 a5 35. Bb3 Nc5 36. Qe3 Nxb3 37. cxb3 e4 38. Qe2 Qc5+ 39. Kh1 Qb5 40.
Qxb5 Rb8 0-1

[Event "World Junior Chess Championship U18 g"]
[Site "Gaziantep"]
[Date "2008.08.04"]
[Round "2.9"]
[White "Mamedjarova, Turkan"]
[Black "Isgandarova, Khayala"]
[Result "0-1"]
[WhiteElo "2284"]
[BlackElo "2207"]
[PlyCount "64"]
[EventDate "2008.08.??"]
[EventType "swiss"]
[EventRounds "13"]
[EventCountry "TUR"]

1. d4 Nf6 2. c4 g6 3. Nc3 Bg7 4. e4 d6 5. f3 O-O 6. Be3 Nc6 7. Qd2 a6 8. Nge2
Rb8 9. Rc1 Bd7 10. Nd1 Re8 11. Nf2 b5 12. c5 dxc5 13. Rxc5 e5 14. d5 Ne7 15.
Nd3 c6 16. d6 Nc8 17. Nxe5 Nxe4 18. fxe4 Bxe5 19. h4 Bg4 20. Bf4 Bxf4 21. Qxf4
Qxd6 22. Qe3 Nb6 23. b4 Nc4 24. Qg3 Qd2+ 25. Kf2 h5 26. Rxc6 Ne5 27. Rc3 Rbd8
28. Re3 Rd3 29. Rh3 Bxh3 30. gxh3 Rxe3 31. Qxe3 Nd3+ 32. Kf3 Qxe3+ 0-1

[Event "World Junior Chess Championship U18 g"]
[Site "Gaziantep"]
[Date "2008.08.04"]
[Round "2.11"]
[White "Leks, Hanna"]
[Black "Tsatsalashvili, Keti"]
[Result "1-0"]
[WhiteElo "2198"]
[BlackElo "2271"]
[PlyCount "81"]
[EventDate "2008.08.??"]
[EventType "swiss"]
[EventRounds "13"]
[EventCountry "TUR"]

1. e4 c5 2. Nf3 d6 3. d4 cxd4 4. Nxd4 Nf6 5. Nc3 Nc6 6. Bg5 e6 7. Bb5 Bd7 8.
Bxc6 bxc6 9. Qf3 h6 10. Bh4 g5 11. Bg3 e5 12. Nf5 g4 13. Qd3 Bxf5 14. exf5 Rb8
15. O-O-O Be7 16. h3 Rb4 17. Qe2 Qb6 18. b3 Qc5 19. Kb2 Nd5 20. Nxd5 cxd5 21.
hxg4 Bf6 22. Bh4 Bg7 23. f6 Bf8 24. f3 d4 25. Be1 Rb6 26. c3 d3 27. Rxd3 Ra6
28. f4 Rg8 29. a4 Kd7 30. fxe5 Rg5 31. Bg3 d5 32. b4 Qc6 33. Rxd5+ Ke6 34. Rd8
Rxa4 35. Re8+ Kd7 36. Rxf8 Qd5 37. Qd1 Ra2+ 38. Kb1 Qd2 39. Qxd2+ Rxd2 40.
Rxf7+ Kc6 41. Bf4 1-0

[Event "World Junior Chess Championship U18 g"]
[Site "Gaziantep"]
[Date "2008.08.04"]
[Round "2.12"]
[White "Pourkashiyan, Atousa"]
[Black "Ozturk, Kubra"]
[Result "0-1"]
[WhiteElo "2269"]
[BlackElo "2188"]
[PlyCount "46"]
[EventDate "2008.08.??"]
[EventType "swiss"]
[EventRounds "13"]
[EventCountry "TUR"]

1. e4 e5 2. Nf3 Nc6 3. Bc4 Nf6 4. d3 Be7 5. O-O O-O 6. Bb3 d6 7. c3 Kh8 8. Ng5
Qe8 9. f4 Bg4 10. Qe1 exf4 11. Bxf4 h6 12. Nf3 Nh5 13. Qe3 f5 14. exf5 Rxf5 15.
Bg3 Bxf3 16. Rxf3 Nxg3 17. hxg3 Re5 18. Qf4 Bg5 19. Qf7 Re1+ 20. Kh2 Ne5 21.
Qxe8+ Rxe8 22. Rf4 Bxf4 23. gxf4 Nxd3 0-1

[Event "World Junior Chess Championship U18 g"]
[Site "Gaziantep"]
[Date "2008.08.04"]
[Round "2.13"]
[White "Preethi, Rajkumar"]
[Black "Dauletova, Gulmira"]
[Result "0-1"]
[WhiteElo "2183"]
[BlackElo "2267"]
[PlyCount "106"]
[EventDate "2008.08.??"]
[EventType "swiss"]
[EventRounds "13"]
[EventCountry "TUR"]

1. e4 c5 2. Nf3 a6 3. d4 cxd4 4. Nxd4 e5 5. Nb3 Nf6 6. Bg5 Be7 7. Nc3 d6 8. a4
Be6 9. Bxf6 Bxf6 10. Nd5 Bxd5 11. Qxd5 Nc6 12. Rd1 O-O 13. c3 Qc8 14. Bc4 Ne7
15. Qd3 Ng6 16. g3 Qh3 17. Qf1 Qd7 18. a5 Rac8 19. Qd3 Qh3 20. Bd5 Ne7 21. Bxb7
Rb8 22. Qxa6 Qg2 23. Ke2 d5 24. Nc5 Ng6 25. h3 Nf4+ 26. gxf4 Bh4 27. Rdf1 exf4
28. Rhg1 Qxh3 29. Qh6 g6 30. Qxf4 dxe4 31. b4 Rxb7 32. Rh1 Qxc3 33. Rc1 Qb2+
34. Qd2 Qxd2+ 35. Kxd2 Rxb4 36. Rxh4 e3+ 37. Kxe3 Rxh4 38. a6 Rh3+ 39. f3 Re8+
40. Kd4 Rxf3 41. Ra1 Rf4+ 42. Kd5 Rd8+ 43. Kc6 Rc8+ 44. Kb5 Rf5 45. Rc1 Rf2 46.
a7 Rb2+ 47. Ka6 Rc6+ 48. Ka5 Ra2+ 49. Na4 Rxa4+ 50. Kxa4 Ra6+ 51. Kb4 Rxa7 52.
Rc8+ Kg7 53. Kc4 Rd7 0-1

[Event "World Junior Chess Championship U18 g"]
[Site "Gaziantep"]
[Date "2008.08.04"]
[Round "2.14"]
[White "Mikadze, Miranda"]
[Black "Nakhbayeva, Guliskhan"]
[Result "1-0"]
[WhiteElo "2258"]
[BlackElo "2170"]
[PlyCount "69"]
[EventDate "2008.08.??"]
[EventType "swiss"]
[EventRounds "13"]
[EventCountry "TUR"]

1. e4 c5 2. Nf3 Nc6 3. c3 d5 4. exd5 Qxd5 5. d4 Bg4 6. Be2 e6 7. Na3 cxd4 8.
Nb5 O-O-O 9. Nbxd4 Bc5 10. O-O Nf6 11. Be3 e5 12. Nxc6 Qxc6 13. Qc1 Rhe8 14.
Re1 Bxf3 15. Bxf3 e4 16. Be2 Nd5 17. Bxc5 Qxc5 18. Qg5 g6 19. Rad1 f5 20. Rd4
Nc7 21. Red1 Rxd4 22. cxd4 Qd5 23. b3 b5 24. Qe3 Rd8 25. Qc3 Kb7 26. Rc1 Ne6
27. g3 a6 28. a4 h5 29. axb5 axb5 30. Qa5 Rd6 31. Bxb5 Qxd4 32. Bf1 e3 33. Qe1
f4 34. fxe3 fxe3 35. Be2 1-0

[Event "World Junior Chess Championship U18 g"]
[Site "Gaziantep"]
[Date "2008.08.04"]
[Round "2.15"]
[White "Sgircea, Silvia-Raluca"]
[Black "Padmini, Rout"]
[Result "0-1"]
[WhiteElo "2167"]
[BlackElo "2257"]
[PlyCount "66"]
[EventDate "2008.08.??"]
[EventType "swiss"]
[EventRounds "13"]
[EventCountry "TUR"]

1. Nf3 Nf6 2. c4 c5 3. Nc3 e6 4. d4 cxd4 5. Nxd4 d6 6. e4 Be7 7. Be3 a6 8. Rc1
O-O 9. Be2 Qc7 10. O-O b6 11. b3 Bb7 12. f3 Nbd7 13. Bd3 Rad8 14. Qe2 Rfe8 15.
Bb1 Qb8 16. Rfd1 d5 17. cxd5 exd5 18. Nxd5 Nxd5 19. exd5 Bg5 20. Bxh7+ Kxh7 21.
Qd3+ Kg8 22. Bxg5 Ne5 23. Qb1 Rxd5 24. Nf5 Rxd1+ 25. Rxd1 Bxf3 26. Rf1 Be2 27.
Ne7+ Rxe7 28. Bxe7 Bxf1 29. Qxf1 Ng4 30. g3 Qe5 31. Qf4 Qe1+ 32. Kg2 Qe2+ 33.
Kg1 Ne3 0-1

[Event "World Junior Chess Championship U18 g"]
[Site "Gaziantep"]
[Date "2008.08.04"]
[Round "2.16"]
[White "Paikidze, Nazi"]
[Black "Bodnaruk, Anastasia"]
[Result "1-0"]
[WhiteElo "2277"]
[BlackElo "2394"]
[PlyCount "109"]
[EventDate "2008.08.??"]
[EventType "swiss"]
[EventRounds "13"]
[EventCountry "TUR"]

1. e4 c5 2. Nf3 d6 3. d4 cxd4 4. Nxd4 Nf6 5. Nc3 a6 6. Bg5 e6 7. f4 Nbd7 8. Qe2
Qc7 9. O-O-O Be7 10. Nf3 Nb6 11. Qe1 O-O 12. Bd3 e5 13. f5 Re8 14. Bxf6 Bxf6
15. g4 Bd7 16. g5 Be7 17. Qh4 Bc6 18. Kb1 f6 19. Qg4 fxg5 20. h4 gxh4 21. Nxh4
Bf6 22. Nf3 Qf7 23. Rh5 Nd7 24. Rdh1 Nf8 25. Ng5 Bxg5 26. Rxg5 b5 27. Nd1 d5
28. Rg1 Ra7 29. Qh4 dxe4 30. Bxe4 Bxe4 31. Qxe4 Rd7 32. Ne3 Kh8 33. Qc6 Red8
34. b3 Rd6 35. Qc5 Qe7 36. Rxg7 Qxg7 37. Rxg7 Kxg7 38. Qxe5+ Kf7 39. Qh8 Rh6
40. Ng4 Rhd6 41. Ne5+ Ke8 42. Qg7 R8d7 43. Nxd7 Rxd7 44. Qh6 a5 45. Qb6 h5 46.
Qxa5 Kf7 47. Qxb5 Rd4 48. Qc5 Rg4 49. f6 h4 50. Qh5+ Rg6 51. Qxh4 Rxf6 52. a4
Nd7 53. Qe4 Rd6 54. a5 Kf6 55. b4 1-0

[Event "World Junior Chess Championship U18 g"]
[Site "Gaziantep"]
[Date "2008.08.04"]
[Round "2.17"]
[White "Ikonomopoulou, Maria"]
[Black "Foisor, Sabina-Francesca"]
[Result "1/2-1/2"]
[WhiteElo "2074"]
[BlackElo "2337"]
[PlyCount "135"]
[EventDate "2008.08.??"]
[EventType "swiss"]
[EventRounds "13"]
[EventCountry "TUR"]

1. b3 d5 2. Bb2 c5 3. e3 a6 4. Nf3 Nc6 5. Be2 d4 6. O-O g6 7. b4 cxb4 8. Nxd4
Nf6 9. Nxc6 bxc6 10. Bf3 Qc7 11. a3 Rb8 12. axb4 Bg7 13. Bc3 h5 14. Be2 Ng4 15.
f4 O-O 16. h3 Nh6 17. e4 Rd8 18. Bd3 Rxb4 19. Bxb4 Bxa1 20. Bc3 Bxc3 21. Nxc3
Kg7 22. f5 Qe5 23. Qf3 Rd6 24. g4 hxg4 25. hxg4 f6 26. Rb1 Nf7 27. Ne2 Ng5 28.
Qg2 Rd8 29. Qg3 Qc5+ 30. Kg2 Rh8 31. Nf4 gxf5 32. exf5 Qa5 33. Qe3 Qc7 34. Re1
e5 35. fxe6 Bxe6 36. Qg3 Bd5+ 37. Nxd5 Qxg3+ 38. Kxg3 cxd5 39. Re7+ Kf8 40. Ra7
Rh1 41. Kf4 Nf7 42. Kf5 Nh6+ 43. Kxf6 Nxg4+ 44. Ke6 Rh2 45. Kxd5 Rxd2 46. Ke4
Rh2 47. Kf4 Nf6 48. Rxa6 Ke7 49. Ke5 Nd7+ 50. Kd4 Rh4+ 51. Ke3 Rh3+ 52. Kd4
Rh4+ 53. Ke3 Rh3+ 54. Kd2 Nc5 55. Ra7+ Kd6 56. Rh7 Rg3 57. Rh6+ Ke5 58. Rh5+
Kd6 59. Bf5 Kc6 60. Bd3 Nxd3 61. cxd3 Kd6 62. Kc3 Rg4 63. d4 Rg1 64. Kc4 Rc1+
65. Kd3 Rg1 66. Kc4 Rc1+ 67. Kb3 Rd1 68. Kc3 1/2-1/2

[Event "World Junior Chess Championship U18 g"]
[Site "Gaziantep"]
[Date "2008.08.04"]
[Round "2.18"]
[White "Hamrakulova, Yulduz"]
[Black "Daulyte, Deimante"]
[Result "0-1"]
[WhiteElo "2145"]
[BlackElo "2288"]
[PlyCount "144"]
[EventDate "2008.08.??"]
[EventType "swiss"]
[EventRounds "13"]
[EventCountry "TUR"]

1. d4 Nf6 2. c4 g6 3. Nc3 Bg7 4. e4 d6 5. Nf3 O-O 6. Be2 e5 7. O-O Na6 8. Be3
Ng4 9. Bg5 Qe8 10. dxe5 dxe5 11. h3 f6 12. Bd2 Nh6 13. a3 Nc5 14. b4 Ne6 15. c5
Nf7 16. Bc4 f5 17. Ng5 Nfxg5 18. Bxg5 Kh8 19. Bc1 f4 20. f3 c6 21. Ne2 Qe7 22.
Qb3 Rd8 23. Bb2 Ng5 24. Kh2 Be6 25. Bxe6 Nxe6 26. Rfd1 g5 27. Rxd8+ Rxd8 28.
Rd1 Nd4 29. Nxd4 exd4 30. Qc4 Qd7 31. Rd3 Be5 32. Kg1 Kg7 33. Kf2 h5 34. Kf1
Kf6 35. Ke2 b5 36. cxb6 axb6 37. a4 Qe6 38. Qc2 b5 39. axb5 cxb5 40. Qd2 Qc4
41. Kf2 Ke6 42. Ra3 Rd6 43. Ke1 Rc6 44. Ra1 Qb3 45. Ra3 Qc2 46. Ra1 Rc4 47. Rc1
Qxd2+ 48. Kxd2 Rxb4 49. Ba1 Ra4 50. Rb1 Kd6 51. Bb2 Ra2 52. Kd3 Kc5 53. Bxd4+
Bxd4 54. Rc1+ Kd6 55. Kxd4 Rd2+ 56. Kc3 Rxg2 57. Rd1+ Ke6 58. Rd5 Rg3 59. Kd4
b4 60. Rb5 b3 61. Rxb3 Rxh3 62. Rb6+ Kd7 63. Rg6 Rg3 64. Ke5 h4 65. Kf5 h3 66.
e5 Rxf3 67. Rxg5 Rg3 68. Rh5 f3 69. e6+ Kd6 70. Kf6 f2 71. Rf5 h2 72. e7 Re3
0-1

[Event "World Junior Chess Championship U18 g"]
[Site "Gaziantep"]
[Date "2008.08.04"]
[Round "2.19"]
[White "Klimets, Elena"]
[Black "Guo, Qi"]
[Result "1-0"]
[WhiteElo "2150"]
[BlackElo "2048"]
[PlyCount "51"]
[EventDate "2008.08.??"]
[EventType "swiss"]
[EventRounds "13"]
[EventCountry "TUR"]

1. e4 e6 2. d4 d5 3. Nd2 c5 4. exd5 Qxd5 5. Ngf3 cxd4 6. Bc4 Qd6 7. O-O Nf6 8.
Nb3 Nc6 9. Nbxd4 Nxd4 10. Qxd4 Qxd4 11. Nxd4 Bd7 12. Be2 Bc5 13. Nb3 Bb6 14.
Bf4 Rc8 15. c4 Ba4 16. Rac1 Bxb3 17. axb3 Bd4 18. Bf3 b6 19. Bb7 Rc5 20. Bd6
Rf5 21. Bc6+ Nd7 22. Rcd1 e5 23. Bxe5 Rxe5 24. Rxd4 Re7 25. Rxd7 Rxd7 26. Rd1
1-0

[Event "World Junior Chess Championship U18 g"]
[Site "Gaziantep"]
[Date "2008.08.04"]
[Round "2.20"]
[White "Davletbazeva, Madina"]
[Black "Acar, Gizem"]
[Result "1/2-1/2"]
[WhiteElo "2155"]
[BlackElo "1931"]
[PlyCount "126"]
[EventDate "2008.08.??"]
[EventType "swiss"]
[EventRounds "13"]
[EventCountry "TUR"]

1. e4 d6 2. d4 g6 3. c3 Nf6 4. Bd3 Bg7 5. f4 e5 6. Nf3 Nh5 7. fxe5 dxe5 8. Bc4
Nc6 9. O-O O-O 10. d5 Na5 11. Be2 b6 12. Na3 Bg4 13. Bg5 f6 14. Be3 Nb7 15. Nd2
Bxe2 16. Qxe2 Qe7 17. Rad1 Nd6 18. Nac4 Rae8 19. Nxd6 cxd6 20. c4 Nf4 21. Qf3
f5 22. Bxf4 exf4 23. exf5 Bd4+ 24. Kh1 Rxf5 25. b4 Be3 26. Nb3 Qe4 27. Qe2 Rff8
28. Nd4 Re5 29. Nf3 Ree8 30. Qd3 Qxd3 31. Rxd3 h6 32. h4 Re4 33. Ra3 Rf7 34.
Nh2 Kg7 35. Ng4 Bd2 36. Rb3 Rxc4 37. a3 Rd4 38. Rb2 Be3 39. g3 Rxd5 40. Re2 Rd2
41. Rxd2 Bxd2 42. Rd1 Bc3 43. Rxd6 h5 44. Nf2 fxg3 45. Ne4 Bf6 46. Nxf6 Rxf6
47. Rd7+ Rf7 48. Rd3 Rf4 49. Kg2 Rxh4 50. Kxg3 Rg4+ 51. Kf3 Rc4 52. Rd7+ Kf6
53. Rxa7 g5 54. b5 g4+ 55. Kf2 Rd4 56. Rc7 Ke5 57. Rh7 Kf4 58. Rxh5 Rd2+ 59.
Ke1 Ra2 60. Rh6 Rxa3 61. Rxb6 Rb3 62. Rb8 Ke5 63. Rg8 Kd6 1/2-1/2

[Event "World Junior Chess Championship U18 g"]
[Site "Gaziantep"]
[Date "2008.08.04"]
[Round "2.21"]
[White "Bukovec, Tina"]
[Black "Toth, Sarolta"]
[Result "0-1"]
[WhiteElo "1929"]
[BlackElo "2151"]
[PlyCount "72"]
[EventDate "2008.08.??"]
[EventType "swiss"]
[EventRounds "13"]
[EventCountry "TUR"]

1. e4 c5 2. Nf3 e6 3. c3 d5 4. e5 d4 5. cxd4 cxd4 6. Bb5+ Bd7 7. Nxd4 Bxb5 8.
Nxb5 Nc6 9. O-O a6 10. N5c3 Nxe5 11. d4 Ng6 12. d5 e5 13. f4 Nf6 14. fxe5 Nxe5
15. Qe2 Bd6 16. Bf4 Qb6+ 17. Kh1 Nfd7 18. Ne4 O-O 19. Qh5 Nc4 20. Nxd6 Nxd6 21.
Nc3 Nf6 22. Qh4 Rfe8 23. Rf3 Nde4 24. Bg5 Nxg5 25. Qxg5 Qxb2 26. Raf1 h6 27.
Qf5 Qb4 28. Rg3 Qd6 29. Qd3 Re5 30. Qd4 Rae8 31. Qf4 Re1 32. Qc4 b5 33. Qd3 b4
34. Nd1 Qxd5 35. Qxa6 R8e6 36. Qa4 Rxf1# 0-1

[Event "World Junior Chess Championship U18 g"]
[Site "Gaziantep"]
[Date "2008.08.04"]
[Round "2.22"]
[White "Misovic, Sanja"]
[Black "Kazimova, Narmin"]
[Result "1/2-1/2"]
[WhiteElo "1914"]
[BlackElo "2148"]
[PlyCount "114"]
[EventDate "2008.08.??"]
[EventType "swiss"]
[EventRounds "13"]
[EventCountry "TUR"]

1. d4 Nf6 2. c4 e6 3. Nf3 b6 4. g3 Ba6 5. Nbd2 Bb7 6. Bg2 Be7 7. O-O O-O 8. Qc2
d5 9. cxd5 exd5 10. Ne5 c5 11. dxc5 bxc5 12. Ndc4 Qc7 13. Bf4 Nh5 14. Qb3 Nxf4
15. gxf4 Nd7 16. Nxd7 Qxd7 17. Ne5 Qc8 18. Bxd5 Bxd5 19. Qxd5 Bh4 20. Rfd1 a5
21. Rac1 Qa6 22. Qc4 Qf6 23. Rd7 Rab8 24. b3 Rb4 25. Qxc5 g6 26. Rc4 Qf5 27.
Rxb4 axb4 28. Qc4 h5 29. Qxb4 Qb1+ 30. Kg2 Qxa2 31. Qc4 Qa8+ 32. Kh3 Bxf2 33.
Rxf7 Qc8+ 34. Qxc8 Rxc8 35. Rb7 Rc2 36. Nd3 Rxe2 37. Nxf2 Rxf2 38. Kg3 Rb2 39.
h3 Rd2 40. Kh4 Rd5 41. b4 Kf8 42. b5 Kg8 43. b6 Rb5 44. f5 gxf5 45. Kxh5 Kf8
46. Kg6 f4 47. Rf7+ Ke8 48. b7 f3 49. h4 f2 50. Rxf2 Rxb7 51. h5 Rb1 52. Kh7
Rh1 53. Rf5 Ke7 54. Kh6 Ke6 55. Rg5 Kf6 56. Rg6+ Kf7 57. Kg5 Rg1+ 1/2-1/2

[Event "World Junior Chess Championship U18 g"]
[Site "Gaziantep"]
[Date "2008.08.04"]
[Round "2.23"]
[White "Boyarchenko, Marie"]
[Black "Tjolsen, Katrine"]
[Result "0-1"]
[WhiteElo "1895"]
[BlackElo "2121"]
[PlyCount "78"]
[EventDate "2008.08.??"]
[EventType "swiss"]
[EventRounds "13"]
[EventCountry "TUR"]

1. e4 c5 2. Nf3 Nc6 3. Bb5 Nf6 4. d3 Qa5+ 5. Nc3 Nd4 6. Bc4 b5 7. Bb3 Nxb3 8.
cxb3 d6 9. h3 e6 10. O-O Bb7 11. Re1 Be7 12. Bd2 Qa6 13. a3 O-O 14. Bg5 h6 15.
Bh4 Qb6 16. d4 cxd4 17. Qxd4 Qxd4 18. Nxd4 a6 19. b4 Rfc8 20. Nb3 Ra7 21. Rac1
Ba8 22. Bg3 Nh5 23. Bh2 Nf6 24. Bg3 Rac7 25. e5 dxe5 26. Bxe5 Rd7 27. Nd5 Rcd8
28. Nxe7+ Rxe7 29. Nc5 Ra7 30. Red1 Bd5 31. Bd4 Raa8 32. Be3 Kf8 33. Rd2 Ng8
34. Rcd1 Ke8 35. Bd4 Kf8 36. Bc3 Ne7 37. Rd3 Nf5 38. R3d2 Nd6 39. Rd3 Nc4 0-1

[Event "World Junior Chess Championship U18 g"]
[Site "Gaziantep"]
[Date "2008.08.04"]
[Round "2.24"]
[White "Eric, Jovena"]
[Black "Antonova, Nadezhda"]
[Result "1-0"]
[WhiteElo "2111"]
[BlackElo "1883"]
[PlyCount "125"]
[EventDate "2008.08.??"]
[EventType "swiss"]
[EventRounds "13"]
[EventCountry "TUR"]

1. e4 c5 2. Nf3 e6 3. d4 cxd4 4. Nxd4 Nf6 5. Nc3 d6 6. g4 h6 7. h3 Nc6 8. Be3
d5 9. Bb5 Qc7 10. exd5 exd5 11. Qe2 Be7 12. O-O-O O-O 13. Nf5 Be6 14. Rhg1 Bb4
15. Na4 Rfe8 16. a3 Bf8 17. Nd4 Nxd4 18. Rxd4 Rec8 19. Bf4 Qa5 20. Bd3 Bd7 21.
Bd2 Qc7 22. g5 Qh2 23. Qd1 hxg5 24. Bxg5 Qe5 25. Kb1 g6 26. Rh4 Bg7 27. f4 Qd6
28. f5 Nh7 29. fxg6 Nxg5 30. Rxg5 Qf6 31. gxf7+ Kf8 32. Qd2 a5 33. Nc3 Rc6 34.
Qf4 Rac8 35. Qxf6 Bxf6 36. Rg8+ Kxf7 37. Rxc8 Bxh4 38. Rh8 Bf6 39. Rh7+ Bg7 40.
Nxd5 Re6 41. Nf4 Rh6 42. Bc4+ Kf8 43. Rxh6 Bxh6 44. Ne6+ Bxe6 45. Bxe6 Ke7 46.
Bc8 b5 47. c3 Kd6 48. Kc2 Kc5 49. h4 b4 50. cxb4+ axb4 51. a4 Kb6 52. b3 Bg7
53. Kd3 Kc5 54. a5 Kb5 55. a6 Kb6 56. h5 Ka7 57. Ke4 Kb8 58. Bb7 Kc7 59. Kf5
Bd4 60. h6 Be3 61. h7 Bd4 62. Kg6 Kb6 63. Kf7 1-0

[Event "World Junior Chess Championship U18 g"]
[Site "Gaziantep"]
[Date "2008.08.04"]
[Round "2.25"]
[White "Garcia, Liria Caetano"]
[Black "Berke, Ana"]
[Result "1/2-1/2"]
[WhiteElo "1792"]
[BlackElo "2100"]
[PlyCount "26"]
[EventDate "2008.08.??"]
[EventType "swiss"]
[EventRounds "13"]
[EventCountry "TUR"]

1. d4 Nf6 2. c4 c5 3. d5 b5 4. cxb5 a6 5. b6 e6 6. Nc3 Bb7 7. e4 exd5 8. exd5
d6 9. Nf3 Be7 10. a4 a5 11. Bb5+ Nbd7 12. O-O O-O 13. Qd3 Nxb6 1/2-1/2

[Event "World Junior Chess Championship U18 g"]
[Site "Gaziantep"]
[Date "2008.08.04"]
[Round "2.26"]
[White "Shamima, Akter"]
[Black "Alavi, Hour Homa"]
[Result "0-1"]
[WhiteElo "2099"]
[BlackElo "1723"]
[PlyCount "102"]
[EventDate "2008.08.??"]
[EventType "swiss"]
[EventRounds "13"]
[EventCountry "TUR"]

1. d4 d5 2. c4 c6 3. Nf3 Nf6 4. Nc3 e6 5. e3 Nbd7 6. Qc2 Bd6 7. Bd3 dxc4 8.
Bxc4 e5 9. O-O O-O 10. h3 Qe7 11. Bb3 b6 12. Ng5 Bb7 13. dxe5 Nxe5 14. f4 Ng6
15. e4 Bc5+ 16. Kh2 Nh5 17. e5 Ba6 18. Rf3 Bd4 19. Qe4 Rad8 20. g4 Nhxf4 21.
Bxf4 Bxe5 22. Bxe5 Qxg5 23. Bf4 Nxf4 24. Qxf4 Qxf4+ 25. Rxf4 Rd2+ 26. Kg1 g5
27. Rf5 h6 28. Rd1 Rxb2 29. Rd7 Bc8 30. Rfxf7 Bxd7 31. Rxd7+ Kh8 32. Ne4 Re8
33. Rh7+ Kxh7 34. Nf6+ Kg6 35. Nxe8 b5 36. Nd6 a6 37. Nb7 Kf6 38. Kh1 Ke5 39.
Nc5 Kd4 40. Nxa6 c5 41. Nc7 c4 42. Nxb5+ Kc5 43. Nc3 cxb3 44. axb3 Rxb3 45.
Ne4+ Kd4 46. Nd6 Ke3 47. Nf5+ Kf4 48. Kg2 h5 49. Ng7 Rb2+ 50. Kf1 hxg4 51. Ne6+
Kg3 0-1